[Event "St Petersburg Rapid 2023"]
[Site "St Petersburg"]
[Date "2023.08.27"]
[Round "9"]
[White "Zvjaginsev, Vadim"]
[Black "Strybuk, Artsiom I"]
[Result "1/2-1/2"]
[WhiteElo "2578"]
[BlackElo "2423"]
[PlyCount "101"]
[EventDate "2023.08.26"]
[EventType "swiss (rapid)"]
[EventRounds "11"]
[EventCountry "RUS"]
[SourceTitle "EXT 2024"]
[Source "ChessBase"]
[SourceDate "2023.10.10"]
[SourceVersion "1"]
[SourceVersionDate "2023.10.10"]
[SourceQuality "1"]

1. Nf3 Nf6 2. c4 g6 3. Nc3 Bg7 4. g3 0-0 5. Bg2 c6 6. d4 d5 7. Qb3 dxc4 8. Qxc4 Bf5 9. e3 Nbd7 10. Qe2 e5 11. dxe5 Ng4 12. Nd4 Ndxe5 13. Nxf5 Nd3+ 14. Kf1 gxf5 15. Nd1 Re8 16. h3 Nf6 17. Kg1 f4 18. Kh2 Qd6 19. Qf3 fxg3+ 20. Qxg3 Qxg3+ 21. Kxg3 Rad8 22. Rf1 Ne4+ 23. Bxe4 Rxe4 24. Nc3 Rc4 25. Rd1 Rd6 26. f4 b5 27. Rb1 b4 28. Na4 Rc2 29. b3 f5 30. Bd2 Rg6+ 31. Kf3 Bf6 32. Ke2 Nc5 33. Nxc5 Rg2+ 34. Kd3 Rxc5 35. e4 Rg3+ 36. Ke2 fxe4 37. Rg1 Rxg1 38. Rxg1+ Kf7 39. Ke3 Rc2 40. Rc1 Rxa2 41. Rxc6 a5 42. Ra6 a4 43. Rxa4 Rxa4 44. bxa4 b3 45. Bc1 b2 46. Bxb2 Bxb2 47. a5 Ba3 48. Kxe4 Bc5 49. Kf5 h6 50. h4 Bf2 51. Ke4 1/2-1/2

[Event "St Petersburg Blitz 2023"]
[Site "St Petersburg"]
[Date "2023.08.25"]
[Round "10"]
[White "Drygalov, Sergey"]
[Black "Strybuk, Artsiom I"]
[Result "1-0"]
[WhiteElo "2547"]
[BlackElo "2420"]
[PlyCount "61"]
[EventDate "2023.08.25"]
[EventType "game (blitz)"]
[EventRounds "11"]
[EventCountry "RUS"]
[SourceTitle "EXT 2024"]
[Source "ChessBase"]
[SourceDate "2023.10.10"]
[SourceVersion "1"]
[SourceVersionDate "2023.10.10"]
[SourceQuality "1"]

1. d4 Nf6 2. c4 g6 3. Nf3 Bg7 4. g3 c5 5. Nc3 cxd4 6. Nxd4 h5 7. h4 Nc6 8. Bg2 0-0 9. 0-0 Ng4 10. Nb3 d6 11. Bg5 Be6 12. c5 Rc8 13. cxd6 Qxd6 14. Qxd6 exd6 15. Rfd1 Nb4 16. Rxd6 Ne5 17. Nd2 Nc4 18. Nxc4 Rxc4 19. Bxb7 Rb8 20. Bf3 Nc2 21. Rad1 Rxb2 22. Ne4 Rc8 23. Rd8+ Bf8 24. Rxc8 Bxc8 25. Rd8 Rb1+ 26. Kh2 Bb7 27. Be7 Ne1 28. Bxf8 Nxf3+ 29. exf3 f5 30. Bd6+ Kf7 31. Ng5+ 1-0

[Event "St Petersburg Korchnoi Memorial op"]
[Site "St Petersburg"]
[Date "2023.08.19"]
[Round "3"]
[White "Kumargaliev, Marsel"]
[Black "Strybuk, Artsiom I"]
[Result "0-1"]
[WhiteElo "2085"]
[BlackElo "2423"]
[PlyCount "188"]
[EventDate "2023.08.18"]
[EventType "swiss"]
[EventRounds "9"]
[EventCountry "RUS"]
[SourceTitle "EXT 2024"]
[Source "ChessBase"]
[SourceDate "2023.10.10"]
[SourceVersion "1"]
[SourceVersionDate "2023.10.10"]
[SourceQuality "1"]

1. e4 c5 2. Nf3 d6 3. d4 cxd4 4. Nxd4 Nf6 5. Nc3 Nc6 6. Bg5 e6 7. Qd2 a6 8. 0-0-0 Bd7 9. f4 Be7 10. Nf3 b5 11. Bxf6 gxf6 12. f5 Qb6 13. Bd3 0-0-0 14. Kb1 Kb8 15. Ne2 Ne5 16. Rhf1 Bc8 17. Nf4 Nxf3 18. Rxf3 d5 19. exd5 e5 20. Qe1 Bb7 21. Rf1 Rhf8 22. Nh5 Rxd5 23. Ng3 Rfd8 24. Qe2 Qd6 25. Rde1 Qb4 26. Ne4 Rd4 27. c3 Rxe4 28. cxb4 Rxe2 29. Bxe2 Bxg2 30. Rg1 Be4+ 31. Ka1 Bxb4 32. Rd1 Rxd1+ 33. Rxd1 Kc7 34. Bd3 Bf3 35. Rf1 Bb7 36. a3 Bd2 37. Rf2 Bg5 38. Re2 Bf3 39. Rf2 Bb7 40. h4 Bxh4 41. Rh2 Bg5 42. Rxh7 Bd5 43. Rh8 e4 44. Be2 Kd6 45. Re8 Bc6 46. Rc8 Bb7 47. Rb8 Kc7 48. Rf8 Bd5 49. Kb1 Kd6 50. Re8 Bc6 51. Rb8 Be3 52. Kc2 Ke5 53. Rc8 Bd5 54. Rd8 Bb6 55. Rb8 Bd4 56. Rd8 e3 57. b4 Be4+ 58. Bd3 Bf3 59. Rd7 Bh5 60. Re7+ Kd6 61. Re4 Kd5 62. Re8 Be5 63. Rd8+ Kc6 64. Re8 Kd7 65. Ra8 e2 66. Bxe2 Bxe2 67. Rxa6 Bf3 68. Ra7+ Bc7 69. Kd3 Bc6 70. a4 bxa4 71. Kc4 Be4 72. b5 Kc8 73. Kc5 Bxf5 74. b6 Bh2 75. Ra8+ Bb8 76. Rxa4 Kb7 77. Ra1 Be6 78. Ra3 f5 79. Ra1 f4 80. Rf1 Be5 81. Rf2 Bg4 82. Kd5 f6 83. Kc5 f3 84. Ra2 Bb8 85. Kb5 Be6 86. Rf2 Bd5 87. Kc5 Bg3 88. Rf1 Bc6 89. Rh1 Bf2+ 90. Kd6 Be4 91. Ke6 f5 92. Rh3 Bg3 93. Rxg3 f2 94. Rg7+ Kxb6 0-1

[Event "St Petersburg Korchnoi Memorial op"]
[Site "St Petersburg"]
[Date "2023.08.19"]
[Round "2"]
[White "Strybuk, Artsiom I"]
[Black "Gridnev, Selantiy"]
[Result "1-0"]
[WhiteElo "2423"]
[BlackElo "1998"]
[PlyCount "49"]
[EventDate "2023.08.18"]
[EventType "swiss"]
[EventRounds "9"]
[EventCountry "RUS"]
[SourceTitle "EXT 2024"]
[Source "ChessBase"]
[SourceDate "2023.10.10"]
[SourceVersion "1"]
[SourceVersionDate "2023.10.10"]
[SourceQuality "1"]

1. d4 Nf6 2. c4 e6 3. Bf4 b6 4. Nf3 Bb7 5. e3 Bb4+ 6. Nbd2 c5 7. a3 Bxd2+ 8. Qxd2 cxd4 9. Nxd4 Ne4 10. Qc2 d6 11. Bd3 Nc5 12. Bg3 e5 13. Nf5 Qf6 14. b4 Nxd3+ 15. Qxd3 0-0 16. e4 b5 17. 0-0 bxc4 18. Qxc4 Rc8 19. Qd3 Rd8 20. Bh4 g5 21. Qg3 h6 22. Nxh6+ Qxh6 23. Bxg5 Qg6 24. Bxd8 Bxe4 25. Bc7 1-0

[Event "Titled Tuesday intern op 15th Aug Early"]
[Site "Chess.com INT"]
[Date "2023.08.15"]
[Round "1"]
[White "Buscar, Michael"]
[Black "Strybuk, Artsiom I"]
[Result "0-1"]
[WhiteElo "2041"]
[BlackElo "2423"]
[PlyCount "86"]
[EventDate "2023.08.15"]
[EventType "swiss (blitz)"]
[EventRounds "11"]
[EventCountry "USA"]
[SourceTitle "EXT 2024"]
[Source "ChessBase"]
[SourceDate "2023.10.10"]
[SourceVersion "1"]
[SourceVersionDate "2023.10.10"]
[SourceQuality "1"]

1. d4 Nf6 2. c4 c5 3. d5 b5 4. cxb5 a6 5. bxa6 g6 6. g3 Bg7 7. Bg2 d6 8. Nf3 0-0 9. 0-0 Nxa6 10. Nfd2 Nb4 11. Nc3 Bf5 12. e4 Bg4 13. Bf3 Bh3 14. Bg2 Bc8 15. Re1 Ba6 16. Bf1 Bxf1 17. Nxf1 Nd7 18. a3 c4 19. Ne3 Qc7 20. Nb5 Qc5 21. Nc3 Nd3 22. Re2 Rfb8 23. Rc2 Nxb2 24. Bxb2 Rxb2 25. Rxb2 Bxc3 26. Rc2 Bxa1 27. Qxa1 Rxa3 28. Qc1 c3 29. Nd1 Qa7 30. Nxc3 Ra1 31. Nb1 Nc5 32. Qb2 Qa4 33. Kg2 Qxe4+ 34. f3 Qa4 35. Nc3 Qa8 36. Ne4 Nxe4 37. fxe4 f6 38. Rc8+ Qxc8 39. Qxa1 Qc2+ 40. Kf3 Qd3+ 41. Kf4 g5+ 42. Kf5 Kf7 43. Qb1 Qf3# 0-1

[Event "Titled Tuesday intern op 15th Aug Early"]
[Site "Chess.com INT"]
[Date "2023.08.15"]
[Round "6"]
[White "D'Arruda, Ricardo D"]
[Black "Strybuk, Artsiom I"]
[Result "0-1"]
[WhiteElo "2271"]
[BlackElo "2423"]
[PlyCount "48"]
[EventDate "2023.08.15"]
[EventType "swiss (blitz)"]
[EventRounds "11"]
[EventCountry "USA"]
[SourceTitle "EXT 2024"]
[Source "ChessBase"]
[SourceDate "2023.10.10"]
[SourceVersion "1"]
[SourceVersionDate "2023.10.10"]
[SourceQuality "1"]

1. d4 d5 2. Nf3 Nf6 3. c4 g6 4. Nc3 Bg7 5. e3 0-0 6. Be2 c5 7. dxc5 dxc4 8. Qxd8 Rxd8 9. Bxc4 Nbd7 10. Ng5 Ne5 11. Be2 h6 12. Nf3 Nxf3+ 13. Bxf3 Nd7 14. Bd2 Nxc5 15. Be2 Bf5 16. f3 Nd3+ 17. Bxd3 Bxd3 18. e4 Rac8 19. 0-0-0 b5 20. a3 a5 21. Be3 b4 22. Bb6 bxc3 23. Bxd8 cxb2+ 24. Kd2 Rxd8 0-1